Histr̤ia Oral do Supremo [1988-2013] Paulo Brossard / Vol. 20

Detalles Bibliográficos
Autor principal: de Castro Fontainha, Fernando
Otros Autores: Domingues da Silva, Angela Moreira
Formato: eBook
Lenguaje:portugués
Publicado: Rio de Janeiro: FGV - Direito Rio, 2017
Colección:FGV - Direito Rio. Coleȯ̂ Histr̤ia Oral do STF [1988-2013]
Materias:
Acceso en línea:Acceso restringido

MARC

LEADER 00000nam a22000007a 4500
005 20180428223859.0
007 cr|||| ||||
008 180428s2017 br |||||s|||| 00||0 por d
035 |a 21532 
040 |a vLex 
090 |c 7835  |d 7835 
100 1 |a de Castro Fontainha, Fernando 
245 1 0 |a Histr̤ia Oral do Supremo [1988-2013]  |h [Recurso electrn̤ico] :  |b Paulo Brossard /  |c Fernando de Castro Fontainha, Angela Moreira Domingues da Silva  |n Vol. 20 
256 |a Servicio en ln̕ea 
260 |a Rio de Janeiro:  |b FGV - Direito Rio,  |c 2017 
300 |a 1 recurso electrn̤ico 
490 0 |a FGV - Direito Rio. Coleȯ̂ Histr̤ia Oral do STF [1988-2013] 
506 1 |a Disponible solo en los productos indicados  |d vLex Global  |d vLex Global (Academic Edition, excluding Law Schools)  |d vLex Global (U.S. Academic Edition, Law Schools)  |d vLex Global (U.S. Academic Edition, excluding Law Schools)  |d vLex Global (Academic Edition, Law Schools) 
650 0 4 |a Derecho Civil  |z Brasil 
650 0 4 |a Derecho Mercantil y de la Empresa  |z Brasil 
650 0 4 |a Derecho Laboral y Seguridad Social  |z Brasil 
650 0 4 |a Derecho Pb︢lico y Administrativo  |z Brasil 
650 0 4 |a Derecho Constitucional  |z Brasil 
700 1 |a Domingues da Silva, Angela Moreira 
740 0 |a vLex Libros (Servicio en ln̕ea) 
856 4 0 |u http://vlex.com/source/historia-oral-do-supremo-1988-2013-paulo-brossard-vol-20-21532  |z Acceso restringido 
942 |c BOOK 
999 0 |a Civil Law 
999 0 |a Business and Company Law 
999 0 |a Labor Law and Social Security 
999 0 |a Public and Administrative Law 
999 0 |a Constitutional Law